Monolitická železobetónová stropná konštrukcia

Salvato in:
Dettagli Bibliografici
Autore principale: Kopernický, Jakub (Autore)
Altri autori: Borzovič, Viktor (Relatore della tesi)
Natura: Manoscritto Libro
Lingua:slovacco
Pubblicazione: 2016
Soggetti:
Accesso online:http://is.stuba.sk/zp/portal_zp.pl?podrobnosti=108438
https://opac.crzp.sk/?fn=detailBiblioForm&sid=7A24B9B1E4B8C85D538D4B7807C5
Tags: Aggiungi Tag
Nessun Tag, puoi essere il primo ad aggiungerne!!

MARC

LEADER 00000ntm a22000003a 4500
001 stuzp56551
003 SK-STU
005 20230623110206.5
007 ta
008 150427s2015----xo-----f-mn---000-0-slo-d
040 |a STU  |b slo 
041 0 |a slo 
100 1 |a Kopernický, Jakub  |u 010110  |4 aut  |U SvF Stavebná fakulta  |T SvF Katedra betónových konštrukcií a mostov  |X 63096  |U V110  |Y 11  |7 63096 
242 0 1 |a Cast in situ reinforced concrete slab  |y eng 
245 1 0 |a Monolitická železobetónová stropná konštrukcia 
260 |c 2016 
650 4 |a stropná konštrukcia  |2 slo 
650 4 |a doska nosná v dvoch smeroch  |2 slo 
650 4 |a výstuž  |2 slo 
650 4 |a ceiling construction  |2 eng 
650 4 |a two ways bearing slab  |2 eng 
650 4 |a reinforcement  |2 eng 
700 1 |a Borzovič, Viktor  |u 010110  |k Z1  |4 ths  |U SvF Stavebná fakulta  |T SvF Katedra betónových konštrukcií a mostov  |X 3688  |U V110  |Y 11  |7 A000003688 
856 4 |u http://is.stuba.sk/zp/portal_zp.pl?podrobnosti=108438 
856 4 |u https://opac.crzp.sk/?fn=detailBiblioForm&sid=7A24B9B1E4B8C85D538D4B7807C5 
SQL |a stuzp56551  |b DBP  |c SLO  |d Monolitická železobetónová stropná konštrukcia  |e 63096  |f Kopernický, Jakub  |g 010110  |h 3688  |i Borzovič, Viktor  |j 20160621  |k 1  |l 01  |m http://is.stuba.sk/zp/portal_zp.pl?podrobnosti=108438  |n B-IKD  |o 5.1.5. inžinierske konštrukcie a dopravné stavby